Life of Pi (Record no. 127154)
[ view plain ]
| 000 -LEADER | |
|---|---|
| fixed length control field | 02075cim a2200493 a 4500 |
| 001 - CONTROL NUMBER | |
| control field | 13785612 |
| 003 - CONTROL NUMBER IDENTIFIER | |
| control field | ARRUPE |
| 005 - DATE AND TIME OF LATEST TRANSACTION | |
| control field | 20171026094639.0 |
| 007 - PHYSICAL DESCRIPTION FIXED FIELD--GENERAL INFORMATION | |
| fixed length control field | sd fsngnnmmned |
| 008 - FIXED-LENGTH DATA ELEMENTS--GENERAL INFORMATION | |
| fixed length control field | 030131t20022001mnunnn f eng d |
| 010 ## - LIBRARY OF CONGRESS CONTROL NUMBER | |
| LC control number | 2004714716 |
| 020 ## - INTERNATIONAL STANDARD BOOK NUMBER | |
| International Standard Book Number | 1565117808 |
| 024 1# - OTHER STANDARD IDENTIFIER | |
| Standard number or code | 025024892349 |
| 024 3# - OTHER STANDARD IDENTIFIER | |
| Standard number or code | 9781565117808 |
| 028 02 - PUBLISHER NUMBER | |
| Publisher number | HBP 89234 |
| Source | HighBridge |
| 035 ## - SYSTEM CONTROL NUMBER | |
| System control number | (OCoLC)ocm51557100 |
| 040 ## - CATALOGING SOURCE | |
| Original cataloging agency | GEC |
| Transcribing agency | GEC |
| Modifying agency | OHI |
| -- | JED |
| -- | OCLCQ |
| -- | DLC |
| 042 ## - AUTHENTICATION CODE | |
| Authentication code | lccopycat |
| 050 00 - LIBRARY OF CONGRESS CALL NUMBER | |
| Classification number | PR-205-1 |
| 300 ## - PHYSICAL DESCRIPTION | |
| Other physical details | digital, stereo. ; |
| Dimensions | 4 3/4 in. |
| 100 1# - MAIN ENTRY--PERSONAL NAME | |
| Personal name | Martel, Yann. |
| 9 (RLIN) | 37280 |
| 245 10 - TITLE STATEMENT | |
| Title | Life of Pi |
| Remainder of title | [a novel] / |
| Statement of responsibility, etc | Yann Martel. |
| 260 ## - PUBLICATION, DISTRIBUTION, ETC. (IMPRINT) | |
| Place of publication, distribution, etc | Minneapolis, MN : |
| Name of publisher, distributor, etc | HighBridge, |
| Date of publication, distribution, etc | p2002. |
| 300 ## - PHYSICAL DESCRIPTION | |
| Extent | 9 sound discs (11.5 hr.) : |
| 306 ## - PLAYING TIME | |
| Playing time | 113000 |
| 500 ## - GENERAL NOTE | |
| General note | Unabridged. |
| 500 ## - GENERAL NOTE | |
| General note | Compact disc. |
| 511 0# - PARTICIPANT OR PERFORMER NOTE | |
| Participant or performer note | Read by Jeff Woodman with Alexander Marshall. |
| 520 ## - SUMMARY, ETC. | |
| Summary, etc | "After the tragic sinking of a cargo ship in the Pacific, one solitary lifeboat remains, carrying a hyena, a zebra, a female orangutan, a Bengal tiger, and a 16-year-old Indian boy names Pi. His story is a dazzling work of imagination that will delight and astound listeners in equal measure. It is a triumph of storytelling and a tale that will as one character puts it, make you believe in God"--Container. |
| 650 #0 - SUBJECT ADDED ENTRY--TOPICAL TERM | |
| Topical term or geographic name as entry element | Human-animal relationships |
| Form subdivision | Fiction. |
| 9 (RLIN) | 37281 |
| 650 #0 - SUBJECT ADDED ENTRY--TOPICAL TERM | |
| Topical term or geographic name as entry element | Ocean travel |
| Form subdivision | Fiction. |
| 9 (RLIN) | 37282 |
| 650 #0 - SUBJECT ADDED ENTRY--TOPICAL TERM | |
| Topical term or geographic name as entry element | Orphans |
| Form subdivision | Fiction. |
| 9 (RLIN) | 37283 |
| 650 #0 - SUBJECT ADDED ENTRY--TOPICAL TERM | |
| Topical term or geographic name as entry element | Storytelling |
| Form subdivision | Fiction. |
| 9 (RLIN) | 37284 |
| 650 #0 - SUBJECT ADDED ENTRY--TOPICAL TERM | |
| Topical term or geographic name as entry element | Shipwreck survival |
| Form subdivision | Fiction. |
| 9 (RLIN) | 37285 |
| 650 #0 - SUBJECT ADDED ENTRY--TOPICAL TERM | |
| Topical term or geographic name as entry element | Teenage boys |
| Form subdivision | Fiction. |
| 9 (RLIN) | 37286 |
| 650 #0 - SUBJECT ADDED ENTRY--TOPICAL TERM | |
| Topical term or geographic name as entry element | Tiger |
| Form subdivision | Fiction. |
| 9 (RLIN) | 37287 |
| 650 #0 - SUBJECT ADDED ENTRY--TOPICAL TERM | |
| Topical term or geographic name as entry element | Zoo animals |
| Form subdivision | Fiction. |
| 9 (RLIN) | 37288 |
| 651 #0 - SUBJECT ADDED ENTRY--GEOGRAPHIC NAME | |
| Geographic name | Pacific Ocean |
| Form subdivision | Fiction. |
| 9 (RLIN) | 37289 |
| 655 #7 - INDEX TERM--GENRE/FORM | |
| Genre/form data or focus term | Psychological fiction. |
| Source of term | lcsh |
| 9 (RLIN) | 3218 |
| 655 #7 - INDEX TERM--GENRE/FORM | |
| Genre/form data or focus term | Adventure fiction. |
| Source of term | gsafd |
| 9 (RLIN) | 20466 |
| 700 1# - ADDED ENTRY--PERSONAL NAME | |
| Personal name | Woodman, Jeff. |
| Relator code | nrt |
| 9 (RLIN) | 37290 |
| 700 1# - ADDED ENTRY--PERSONAL NAME | |
| Personal name | Marshall, Alexander. |
| Relator code | nrt |
| 9 (RLIN) | 37291 |
| 856 42 - ELECTRONIC LOCATION AND ACCESS | |
| Materials specified | Publisher description |
| Uniform Resource Identifier | <a href="http://www.loc.gov/catdir/enhancements/fy0714/2004714716-d.html">http://www.loc.gov/catdir/enhancements/fy0714/2004714716-d.html</a> |
| 906 ## - LOCAL DATA ELEMENT F, LDF (RLIN) | |
| a | 7 |
| b | cbc |
| c | copycat |
| d | 3 |
| e | ncip |
| f | 20 |
| g | y-genmusic |
| 942 ## - ADDED ENTRY ELEMENTS (KOHA) | |
| Source of classification or shelving scheme | Library of Congress Classification |
| Koha item type | Monograph ( Printed materials) |
| Withdrawn status | Lost status | Source of classification or shelving scheme | Damaged status | Not for loan | Collection code | Home library | Current library | Shelving location | Date acquired | Total Checkouts | Full call number | Barcode | Date last seen | Price effective from | Koha item type |
|---|---|---|---|---|---|---|---|---|---|---|---|---|---|---|---|
| Library of Congress Classification | Main Collection | ARRUPE COLLEGE BOOKSTORE | ARRUPE COLLEGE BOOKSTORE | Main Collection | 26/10/2017 | PR-205-1 | 46500026654 | 26/10/2017 | 26/10/2017 | Monograph ( Printed materials) | |||||
| Library of Congress Classification | Main Collection | ARRUPE COLLEGE BOOKSTORE | ARRUPE COLLEGE BOOKSTORE | Main Collection | 26/10/2017 | PR-205-2 | 46500026655 | 26/10/2017 | 26/10/2017 | Monograph ( Printed materials) | |||||
| Library of Congress Classification | Main Collection | ARRUPE COLLEGE BOOKSTORE | ARRUPE COLLEGE BOOKSTORE | Main Collection | 26/10/2017 | PR-205-3 | 46500026656 | 26/10/2017 | 26/10/2017 | Monograph ( Printed materials) | |||||
| Library of Congress Classification | Main Collection | ARRUPE COLLEGE BOOKSTORE | ARRUPE COLLEGE BOOKSTORE | Main Collection | 26/10/2017 | PR-205-4 | 46500026657 | 26/10/2017 | 26/10/2017 | Monograph ( Printed materials) | |||||
| Library of Congress Classification | Main Collection | ARRUPE COLLEGE BOOKSTORE | ARRUPE COLLEGE BOOKSTORE | Main Collection | 26/10/2017 | PR-205-5 | 46500026658 | 26/10/2017 | 26/10/2017 | Monograph ( Printed materials) | |||||
| Library of Congress Classification | Main Collection | ARRUPE COLLEGE BOOKSTORE | ARRUPE COLLEGE BOOKSTORE | Main Collection | 26/10/2017 | PR-205-6 | 46500026659 | 26/10/2017 | 26/10/2017 | Monograph ( Printed materials) | |||||
| Library of Congress Classification | Main Collection | ARRUPE COLLEGE BOOKSTORE | ARRUPE COLLEGE BOOKSTORE | Main Collection | 26/10/2017 | PR-205-7 | 46500026617 | 26/10/2017 | 26/10/2017 | Monograph ( Printed materials) | |||||
| Library of Congress Classification | Main Collection | ARRUPE COLLEGE BOOKSTORE | ARRUPE COLLEGE BOOKSTORE | Main Collection | 26/10/2017 | PR-205-8 | 46500026618 | 26/10/2017 | 26/10/2017 | Monograph ( Printed materials) | |||||
| Library of Congress Classification | Main Collection | ARRUPE COLLEGE BOOKSTORE | ARRUPE COLLEGE BOOKSTORE | Main Collection | 26/10/2017 | PR-205-9 | 46500026619 | 26/10/2017 | 26/10/2017 | Monograph ( Printed materials) |